ARRUPE JESUIT UNIVERSITY

CORONAVIRUS -STOP THE SPREAD - CLEAN,DISINFECT,COVER

What's within? : (Record no. 130729)

MARC details
000 -LEADER
fixed length control field 01278cam a2200325 a 4500
001 - CONTROL NUMBER
control field 1668817
003 - CONTROL NUMBER IDENTIFIER
control field ARRUPE
005 - DATE AND TIME OF LATEST TRANSACTION
control field 20211008095524.0
008 - FIXED-LENGTH DATA ELEMENTS--GENERAL INFORMATION
fixed length control field 980126s1999 nyua b 001 0 eng
010 ## - LIBRARY OF CONGRESS CONTROL NUMBER
LC control number 98005364
020 ## - INTERNATIONAL STANDARD BOOK NUMBER
International Standard Book Number 0195123840 (alk. paper)
040 ## - CATALOGING SOURCE
Original cataloging agency DLC
Transcribing agency DLC
Modifying agency DLC
050 00 - LIBRARY OF CONGRESS CALL NUMBER
Classification number BF341
Item number .C68 1999
082 00 - DEWEY DECIMAL CLASSIFICATION NUMBER
Classification number 149/.7
Edition number 21
300 ## - PHYSICAL DESCRIPTION
Other physical details ill. ;
Dimensions 24 cm.
100 1# - MAIN ENTRY--PERSONAL NAME
Personal name Cowie, Fiona,
Dates associated with a name 1963-
9 (RLIN) 50365
245 10 - TITLE STATEMENT
Title What's within? :
Remainder of title nativism reconsidered /
Statement of responsibility, etc Fiona Cowie.
260 ## - PUBLICATION, DISTRIBUTION, ETC. (IMPRINT)
Place of publication, distribution, etc New York :
Name of publisher, distributor, etc Oxford University Press,
Date of publication, distribution, etc 1999.
300 ## - PHYSICAL DESCRIPTION
Extent xvii, 334 p. :
440 #0 - SERIES STATEMENT/ADDED ENTRY--TITLE
Title Philosophy of mind series
9 (RLIN) 50366
504 ## - BIBLIOGRAPHY, ETC. NOTE
Bibliography, etc Includes bibliographical references (p. 313-330) and index.
600 10 - SUBJECT ADDED ENTRY--PERSONAL NAME
Personal name Chomsky, Noam.
650 #0 - SUBJECT ADDED ENTRY--TOPICAL TERM
Topical term or geographic name as entry element Nativism (Psychology)
9 (RLIN) 2347
650 #0 - SUBJECT ADDED ENTRY--TOPICAL TERM
Topical term or geographic name as entry element Innate ideas (Philosophy)
9 (RLIN) 50367
650 #0 - SUBJECT ADDED ENTRY--TOPICAL TERM
Topical term or geographic name as entry element Language acquisition.
856 42 - ELECTRONIC LOCATION AND ACCESS
Materials specified Publisher description
Uniform Resource Identifier <a href="http://www.loc.gov/catdir/enhancements/fy0604/98005364-d.html">http://www.loc.gov/catdir/enhancements/fy0604/98005364-d.html</a>
856 42 - ELECTRONIC LOCATION AND ACCESS
Materials specified Contributor biographical information
Uniform Resource Identifier <a href="http://www.loc.gov/catdir/enhancements/fy0724/98005364-b.html">http://www.loc.gov/catdir/enhancements/fy0724/98005364-b.html</a>
906 ## - LOCAL DATA ELEMENT F, LDF (RLIN)
a 7
b cbc
c orignew
d 1
e ocip
f 19
g y-gencatlg
942 ## - ADDED ENTRY ELEMENTS (KOHA)
Source of classification or shelving scheme Library of Congress Classification
Koha item type Monograph ( Printed materials)
Holdings
Withdrawn status Lost status Source of classification or shelving scheme Damaged status Not for loan Collection code Home library Current library Shelving location Date acquired Total Checkouts Full call number Barcode Date last seen Price effective from Koha item type
    Library of Congress Classification     Main Collection ARRUPE LIBRARY ARRUPE LIBRARY Main Collection 08/10/2021   BF341 .C68 1999 46600007669 08/10/2021 08/10/2021 Monograph ( Printed materials)

 

Arrupe Library. PO Box MP320 Mt Pleasant, Harare, Zimbabwe
263 242 745411|librarian@aju.ac.zw